00464nam a2200169Ia 4500001001000000003000500010008004100015010001100056040000900067100001700076245006200093260001700155300001600172500004600188650002000234650004000254Para_7352CHAP220125s1999 xx 000 0 und d a206240 cCHAP aSaumeyer, W. aImproving plant health with antibiotics /c W.J. Zaumeyer as.l. :bs.n. app. 171-184 aEncuadernado con otros impresos similares aAntibióticos  aAntibióticos x efecto en plantas